000 02544cam a2200421 a 4500
001 16056066
005 20110816142404.0
008 100115s2011 nyua b 001 0 eng
020 _a0071289291 (pbk.)
020 _a9780071289290 (pbk.)
040 _aDLC
_cDLC
_dYDX
_dBTCTA
_dYDXCP
_dBWX
_dUKM
_dUKWOH
_dHNW
_dDLC
082 0 0 _a658.404
_222
_bLAR
100 1 _aLarson, Erik W.,
_d1952-
_929441
245 1 0 _aProject Management :
_bthe Managerial Process /
_cErik W. Larson, Clifford F. Gray.
250 _a5th ed.
260 _aNew York :
_bMcGraw-Hill Irwin,
_cc2011.
300 _axvi, 671 p. :
_bill. ;
_c27 cm. +
_e2 CD-ROMs (4 3/4 in.)
490 1 _aThe McGraw-Hill/Irwin series operations and decision sciences
_929442
500 _aGray's name appears first on the earlier editions.
500 _aIncludes index.
520 8 _aThis textbook presents a balanced treatment of both the technical and behavioural issues in project management as well as covering a broad range of industries to which project management principles can be applied.
650 0 _aProject management.
_929443
650 0 _aTime management.
_929444
650 0 _aRisk management.
_929445
653 _bEle
_cMarch2012
700 1 _aGray, Clifford F.
_929446
700 1 _aGray, Clifford F.
_tProject management.
_929447
942 _2ddc
_cBB
999 _c16600
_d16600